[Event "22nd EUR-ch (w)"]
[Site "Prague CZE"]
[Date "2022.08.21"]
[Round "2.42"]
[White "Rakhmangulova, Anastasiya"]
[Black "Trasakova, Adela"]
[Result "1-0"]
[WhiteElo "2244"]
[BlackElo "1862"]
[EventDate "2022.08.20"]
[PlyCount "113"]

1.e4 c6 2.d4 d5 3.exd5 cxd5 4.Bd3 Nc6 5.c3 Qc7 6.Ne2 Bg4 7.O-O Nf6 8.Qe1 
Bxe2 9.Qxe2 e6 10.g3 Bd6 11.Nd2 O-O 12.f4 a6 13.Nf3 b5 14.a3 Na5 15.Ne5 
Rfe8 16.g4 Qb7 17.Be3 Bf8 18.Rae1 Nc4 19.Bc1 Nd6 20.Qg2 Nfe4 21.Bb1 a5 22.
Nd3 f5 23.Ba2 Kh8 24.Rf3 g6 25.g5 Re7 26.h4 Rg7 27.h5 gxh5 28.Qh1 Nc8 29.
Ne5 Ne7 30.Qxh5 Ng6 31.Nxg6+ Rxg6 32.Re2 Qg7 33.Bb1 Ra7 34.Rh3 Qg8 35.Reh2
b4 36.Bxe4 dxe4 37.c4 Qg7 38.Qd1 Rd7 39.Be3 Kg8 40.Rxh7 Qxh7 41.Rxh7 Kxh7 
42.Qh5+ Kg7 43.d5 exd5 44.Bd4+ Kf7 45.Qh7+ Bg7 46.Bxg7 Rxg7 47.Qxf5+ Ke8 
48.cxd5 e3 49.Kf1 Rde7 50.Ke2 Rh7 51.g6 Rh2+ 52.Kf3 Rf2+ 53.Kg3 Kd8 54.d6 
Re8 55.Qxa5+ Kd7 56.Qc7+ Ke6 57.Qf7+ 1-0

[Event "22nd EUR-ch (w)"]
[Site "Prague CZE"]
[Date "2022.08.21"]
[Round "2.43"]
[White "Dwilewicz, Katarzyna"]
[Black "Bulmaga, Irina"]
[Result "1-0"]
[WhiteElo "2131"]
[BlackElo "2403"]
[EventDate "2022.08.20"]
[PlyCount "121"]

1.e4 c5 2.Nf3 Nc6 3.d4 cxd4 4.Nxd4 Nf6 5.Nc3 d6 6.f3 e5 7.Nb3 Be7 8.Be3 
Be6 9.Nd5 O-O 10.Qd2 a5 11.Nb6 a4 12.Nxa8 Qxa8 13.Nc1 d5 14.Bd3 a3 15.bxa3
dxe4 16.fxe4 Qa4 17.O-O Nxe4 18.Qe1 Nc5 19.Rb1 e4 20.Nb3 Qxa3 21.Be2 Na4 
22.Bb5 Bb4 23.Qg3 Bd6 24.Qe1 Bb4 25.Bd2 Bxd2 26.Qxd2 Nb6 27.Bxc6 bxc6 28.
Qd4 Nd5 29.c4 Nb4 30.Qxe4 Nxa2 31.Qc2 Nb4 32.Qc3 Na2 33.Qa5 Qxa5 34.Nxa5 
Nc3 35.Rb3 Ne2+ 36.Kf2 Nd4 37.Rb6 c5 38.Rfb1 Bf5 39.R1b2 Re8 40.Rb8 Kf8 
41.Rxe8+ Kxe8 42.Nb7 Kd7 43.Nxc5+ Kc6 44.Na4 Ne6 45.Ke3 g6 46.Rd2 h5 47.
Nc3 Nc5 48.Nb5 Kb6 49.Rd6+ Ka5 50.Nd4 Bb1 51.Nc6+ Ka4 52.Ne5 Bf5 53.Nxf7 
Kb4 54.Ne5 Kc3 55.Nxg6 Kxc4 56.Nf4 h4 57.Rh6 h3 58.Nxh3 Kd5 59.Rh5 Ke6 60.
Nf4+ Kf6 61.g4 1-0

[Event "22nd EUR-ch (w)"]
[Site "Prague CZE"]
[Date "2022.08.21"]
[Round "2.44"]
[White "Zhukova, Natalia"]
[Black "Koubova, Anna Marie"]
[Result "1-0"]
[WhiteElo "2335"]
[BlackElo "2122"]
[EventDate "2022.08.20"]
[PlyCount "99"]

1.c4 e5 2.Nc3 Nf6 3.Nf3 Nc6 4.g3 d5 5.cxd5 Nxd5 6.Bg2 Nb6 7.O-O Be7 8.a3 
O-O 9.b4 Re8 10.d3 Bf8 11.Bb2 Bg4 12.h3 Bh5 13.Nd2 Rb8 14.Rc1 a5 15.b5 Nd4
16.g4 Bg6 17.e3 Ne6 18.Nde4 f6 19.Qf3 Qxd3 20.Nxf6+ gxf6 21.Rfd1 Qc4 22.
Nd5 Qxb5 23.Nxf6+ Kh8 24.Nxe8 Rxe8 25.Bc3 Bg7 26.Qxb7 Rf8 27.Bc6 Qe2 28.
Rd2 Qc4 29.Bb2 Qa2 30.f4 Qb3 31.Rc3 Qa2 32.Rc1 Qb3 33.Rc3 Qa2 34.Rc1 Qb3 
35.Rc3 Qa2 36.f5 Bxf5 37.gxf5 Qb1+ 38.Rc1 Qxf5 39.Bg2 Bh6 40.Re1 Nc4 41.
Rde2 Rg8 42.Kh1 Nc5 43.Qc6 Nxb2 44.Qxh6 Nbd3 45.Rf1 Qg6 46.Qxg6 Rxg6 47.
Bd5 Rh6 48.Rf8+ Kg7 49.Rf7+ Kh8 50.Rg2 1-0

[Event "22nd EUR-ch (w)"]
[Site "Prague CZE"]
[Date "2022.08.21"]
[Round "2.45"]
[White "Tsirulnik, Maritsa"]
[Black "Schulze, Lara"]
[Result "1/2-1/2"]
[WhiteElo "2089"]
[BlackElo "2297"]
[EventDate "2022.08.20"]
[PlyCount "119"]

1.d4 d5 2.c4 e6 3.Nc3 a6 4.cxd5 exd5 5.Nf3 Nf6 6.Bg5 Be6 7.e3 Nbd7 8.Bd3 
Bd6 9.O-O c6 10.Bf4 Qc7 11.Bxd6 Qxd6 12.h3 O-O 13.a3 g6 14.Qd2 Rfe8 15.
Rfb1 a5 16.Ng5 Kg7 17.b4 axb4 18.axb4 b5 19.Qb2 Nb6 20.Nxe6+ Qxe6 21.Rxa8 
Rxa8 22.Re1 Nc4 23.Bxc4 bxc4 24.f3 Qe7 25.b5 cxb5 26.Qxb5 Ra3 27.Nxd5 Nxd5
28.Qxd5 Rxe3 29.Rf1 c3 30.Qc4 h5 31.d5 Qe5 32.f4 Qe4 33.Qxe4 Rxe4 34.Rc1 
Rc4 35.Kf2 Kf6 36.Ke3 Ke7 37.Kd3 Rxf4 38.Kxc3 Kd6 39.Rc2 Kxd5 40.Kd3 Re4 
41.Rc8 f5 42.Rg8 Re6 43.g3 Kd6 44.Ra8 Ke7 45.Ra4 g5 46.h4 Kf6 47.Rb4 Kg6 
48.Ra4 f4 49.gxf4 g4 50.Ra5 Re1 51.Rg5+ Kh6 52.Kd4 Rh1 53.Ke5 Rxh4 54.Kf6 
g3 55.Rg6+ Kh7 56.Rg7+ Kh8 57.Rxg3 Rxf4+ 58.Kg5 Rg4+ 59.Rxg4 hxg4 60.Kxg4 
1/2-1/2

[Event "22nd EUR-ch (w)"]
[Site "Prague CZE"]
[Date "2022.08.21"]
[Round "2.46"]
[White "Vanduyfhuys, Daria"]
[Black "Babiy, Olga"]
[Result "0-1"]
[WhiteElo "2054"]
[BlackElo "2296"]
[EventDate "2022.08.20"]
[PlyCount "120"]

1.d4 Nf6 2.c4 e6 3.Nf3 b6 4.g3 Ba6 5.b3 Bb4+ 6.Bd2 Be7 7.Bg2 c6 8.O-O d5 
9.Qc2 Nbd7 10.Bf4 Rc8 11.Nbd2 c5 12.dxc5 Rxc5 13.Rac1 dxc4 14.b4 Rc8 15.
Qa4 Bb7 16.Nxc4 O-O 17.Nd6 Bxd6 18.Bxd6 Re8 19.Rfd1 Bd5 20.Ne1 Bxg2 21.
Nxg2 Ne4 22.Bf4 Rxc1 23.Rxc1 e5 24.Be3 Nf8 25.Qxa7 Nc3 26.Kf1 Nd5 27.Rd1 
Re6 28.b5 Rd6 29.Rc1 Qe8 30.Qa4 Qd7 31.Qc4 Qh3 32.Kg1 Nf6 33.f3 Qd7 34.Qb3
e4 35.a4 exf3 36.exf3 Qf5 37.Ne1 Nd5 38.Bf2 Rd7 39.Qc2 Qf6 40.Qc6 Rd6 41.
Qc4 Qb2 42.Qc2 Qa3 43.Rb1 Rd7 44.Qb3 Qd6 45.Rc1 Ne6 46.Rc6 Qb8 47.Qc4 Rd8 
48.Nc2 h6 49.Nb4 Nxb4 50.Qxb4 Ng5 51.Kg2 Qe5 52.h4 Nxf3 53.Qf4 Ne1+ 54.Kf1
Qd5 55.Bxe1 Qh1+ 56.Kf2 Qh2+ 57.Ke3 Re8+ 58.Kd3 Qe2+ 59.Kc3 Re3+ 60.Kd4 
Qd3# 0-1

[Event "22nd EUR-ch (w)"]
[Site "Prague CZE"]
[Date "2022.08.21"]
[Round "2.47"]
[White "Gaboian, Susanna"]
[Black "Sankova, Stella"]
[Result "0-1"]
[WhiteElo "2270"]
[BlackElo "2067"]
[EventDate "2022.08.20"]
[PlyCount "114"]

1.Nf3 d5 2.g3 g6 3.Bg2 Bg7 4.d4 Nd7 5.O-O c6 6.c4 Ngf6 7.cxd5 cxd5 8.Nc3 
O-O 9.Qb3 Nb6 10.Bf4 Nh5 11.Bg5 h6 12.Be3 Be6 13.Ne5 Bxe5 14.dxe5 d4 15.
Qc2 dxe3 16.f4 Qc7 17.Qe4 Rac8 18.Qxe3 Ng7 19.Qf2 Rfd8 20.Rac1 Rd2 21.b3 
Qd7 22.Qf3 Nf5 23.Kh1 Nd4 24.Qf2 Nb5 25.Nxb5 Qxb5 26.Rxc8+ Bxc8 27.Bf3 
Rxa2 28.Qd4 Qd7 29.Qc5 Rd2 30.Kg2 Qh3+ 31.Kg1 Qd7 32.Kg2 Qd8 33.g4 Nd5 34.
Kg3 b6 35.Qc6 Qd7 36.Qa8 Qb7 37.Qxb7 Bxb7 38.Rc1 e6 39.h4 Ba6 40.f5 gxf5 
41.gxf5 exf5 42.Kf2 Nb4 43.Rc7 Rb2 44.Rxa7 Rxb3 45.Rc7 Rb2 46.Ke3 Rc2 47.
Rd7 Bc4 48.Rd6 Kg7 49.Rxb6 Nd5+ 50.Bxd5 Bxd5 51.Rd6 Be6 52.Rd4 Rc4 53.Rxc4
Bxc4 54.Kf4 Bxe2 55.Kxf5 Bd3+ 56.Kf4 Kg6 57.Kg4 h5+ 0-1

[Event "22nd EUR-ch (w)"]
[Site "Prague CZE"]
[Date "2022.08.21"]
[Round "2.48"]
[White "Van Foreest, Machteld"]
[Black "Sevcikova, Lucia"]
[Result "1/2-1/2"]
[WhiteElo "2235"]
[BlackElo "2058"]
[EventDate "2022.08.20"]
[PlyCount "209"]

1.e4 e6 2.d4 d5 3.Nc3 dxe4 4.Nxe4 Nd7 5.g3 Ngf6 6.Nxf6+ Nxf6 7.Bg2 c5 8.
Nf3 Be7 9.O-O O-O 10.Qe2 Qb6 11.Rd1 Bd7 12.b3 Bc6 13.Bb2 Rfd8 14.a4 a6 15.
a5 Qa7 16.dxc5 Bxc5 17.Nd2 Bxg2 18.Kxg2 Bd4 19.c3 Bc5 20.b4 Be7 21.Nf3 Nd5
22.Nd4 Kf8 23.Qe4 Nf6 24.Qf3 Rac8 25.Bc1 Rc4 26.Bf4 Kg8 27.Be5 Nd7 28.Qe3 
Nxe5 29.Qxe5 Rdc8 30.Qe3 Rxc3 31.Qe2 Bxb4 32.Ra4 Qc5 33.Qb2 Rc4 34.Nf3 
Bxa5 35.Rxc4 Qxc4 36.Qxb7 Qc6 37.Qe7 Re8 38.Qa3 Bc7 39.Rc1 Qb6 40.Qa4 Rb8 
41.Qd7 Bd6 42.Ne5 Qb7+ 43.Qxb7 Rxb7 44.Rc8+ Bf8 45.Rd8 g6 46.Nd7 Rxd7 47.
Rxd7 a5 48.Ra7 Bb4 49.Kf3 Kg7 50.Ra6 Kf6 51.Ra7 h5 52.h4 Be1 53.Ke2 Bb4 
54.Kf1 Bc3 55.f3 Be5 56.Kg2 Bc3 57.Kf1 Be5 58.Kg2 Bc3 59.g4 hxg4 60.fxg4 
Be1 61.Kh3 Bd2 62.g5+ Kg7 63.Ra8 Be1 64.Ra7 Bd2 65.Kg4 Bc3 66.Rb7 Bd2 67.
Rc7 Bb4 68.Rd7 Bc3 69.Rd3 Bb2 70.Rb3 Bc1 71.Rb1 Bd2 72.Kf3 Bc3 73.Rc1 Bb2 
74.Rc4 Ba3 75.Ke4 Bd6 76.Rd4 Bc5 77.Ra4 Bb4 78.Ra1 Kf8 79.Rc1 Ba3 80.Rc4 
Bb4 81.Ke5 Kg7 82.Re4 Bc5 83.Rc4 Bb4 84.Rc1 Ba3 85.Rc2 Bb4 86.Ra2 Be1 87.
Ra4 Bb4 88.Kd4 Kf8 89.Ra1 Ke7 90.Kc4 Bd2 91.Kb5 f6 92.Rd1 Bf4 93.Rg1 fxg5 
94.hxg5 e5 95.Kxa5 Ke6 96.Kb5 Kf5 97.Kc4 e4 98.Kd4 Bxg5 99.Rb1 e3 100.Kd3 
Bf4 101.Rg1 g5 102.Rg2 g4 103.Kd4 g3 104.Rxg3 Bxg3 105.Kxe3 1/2-1/2

[Event "22nd EUR-ch (w)"]
[Site "Prague CZE"]
[Date "2022.08.21"]
[Round "2.49"]
[White "Gevorgian, Maria"]
[Black "Head, Louise"]
[Result "1-0"]
[WhiteElo "2216"]
[BlackElo "2024"]
[EventDate "2022.08.20"]
[PlyCount "95"]

1.e4 c6 2.d4 d5 3.exd5 cxd5 4.Bd3 Nc6 5.c3 Nf6 6.Bf4 Bg4 7.Qb3 Qd7 8.Nd2 
e6 9.Ngf3 Bd6 10.Bxd6 Qxd6 11.O-O O-O 12.Rae1 Ne7 13.Ne5 Bf5 14.Bxf5 Nxf5 
15.g4 Ne7 16.f4 b5 17.Qxb5 Rab8 18.Qd3 Rxb2 19.Ndc4 dxc4 20.Nxc4 Qb8 21.
Nxb2 Qxb2 22.f5 Qxa2 23.g5 Nd7 24.Qb5 Qd5 25.Qxd5 Nxd5 26.c4 Nc7 27.Ra1 a6
28.Rab1 Rc8 29.Rb7 g6 30.f6 h6 31.h4 e5 32.d5 Nc5 33.Rb6 Ne8 34.Rfb1 Kh7 
35.Re1 e4 36.d6 Rd8 37.Rc6 Ne6 38.c5 Nd4 39.Rxa6 Nf3+ 40.Kf2 Nxe1 41.Kxe1 
hxg5 42.hxg5 Nxf6 43.gxf6 g5 44.Ra7 Kg6 45.d7 Kxf6 46.c6 Kg6 47.c7 Rxd7 
48.Ra6+ 1-0

[Event "22nd EUR-ch (w)"]
[Site "Prague CZE"]
[Date "2022.08.21"]
[Round "2.50"]
[White "Richterova, Natasa"]
[Black "Bashylina, Luisa"]
[Result "1/2-1/2"]
[WhiteElo "2215"]
[BlackElo "2018"]
[EventDate "2022.08.20"]
[PlyCount "114"]

1.Nf3 Nf6 2.c4 g6 3.Nc3 d5 4.cxd5 Nxd5 5.h4 Bg7 6.h5 Nc6 7.h6 Bf6 8.Ne4 
Bg4 9.Nxf6+ Nxf6 10.Qa4 O-O 11.d3 Bxf3 12.gxf3 Nd4 13.Be3 c5 14.Rc1 b6 15.
Bg2 Qd6 16.f4 Rac8 17.Bd2 Rfd8 18.e3 Ne2 19.Rc2 Qxd3 20.Qc4 Nc1 21.Bf1 
Qxc4 22.Bxc4 Nd3+ 23.Ke2 Nb4 24.Bxb4 cxb4 25.Rhc1 Kf8 26.Ba6 Rxc2+ 27.Rxc2
Ng4 28.Rc7 Nxh6 29.Rxa7 Nf5 30.Rb7 Rd6 31.Bd3 h5 32.Rc7 h4 33.Rc4 Kg7 34.
Be4 Kh6 35.Rxb4 h3 36.Rc4 Nh4 37.Rc1 f5 38.Ba8 Rd8 39.Bb7 Rd7 40.Ba8 Rd8 
41.Bb7 Rd7 42.Bc6 Rc7 43.b4 g5 44.fxg5+ Kxg5 45.Rg1+ Kf6 46.b5 Ra7 47.Bd5 
e6 48.Bb3 Ng6 49.Rh1 Rh7 50.Kf3 e5 51.Kg3 f4+ 52.Kf3 Rh4 53.Bc2 Ne7 54.Be4
Nc8 55.Bc6 Nd6 56.exf4 exf4 57.Bd7 Nf5 1/2-1/2

[Event "22nd EUR-ch (w)"]
[Site "Prague CZE"]
[Date "2022.08.21"]
[Round "2.51"]
[White "Grineva, Marianna"]
[Black "Sedina, Elena"]
[Result "1-0"]
[WhiteElo "2006"]
[BlackElo "2213"]
[EventDate "2022.08.20"]
[PlyCount "95"]

1.e4 e6 2.d4 d5 3.Bd3 dxe4 4.Bxe4 Nf6 5.Bf3 c5 6.Ne2 Be7 7.O-O O-O 8.Be3 
Qc7 9.Nbc3 cxd4 10.Nxd4 a6 11.Qe2 e5 12.Nb3 Be6 13.Rfd1 Bc4 14.Qe1 Nbd7 
15.Rac1 h6 16.h3 Rfe8 17.Nd2 Be6 18.Nf1 Rac8 19.Ng3 Bb4 20.Bd2 Bxc3 21.
Bxc3 Bxa2 22.Nf5 Re6 23.Ba5 b6 24.Bb4 e4 25.Be2 Ne5 26.Nd4 Ree8 27.Bxa6 
Ra8 28.Bb5 Red8 29.b3 Nd5 30.Ra1 Nxb4 31.Qxb4 Qc5 32.Qxc5 bxc5 33.Nc6 
Rxd1+ 34.Rxd1 Nxc6 35.Bxc6 Rc8 36.Bd5 c4 37.Bxc4 Kf8 38.Ra1 Ra8 39.b4 Rc8 
40.Bxa2 Ra8 41.Kf1 Ke7 42.Ke2 f5 43.Kd2 Kd6 44.Kc3 Ke5 45.Kb2 f4 46.Re1 
Rd8 47.Re2 g5 48.Bb1 1-0

[Event "22nd EUR-ch (w)"]
[Site "Prague CZE"]
[Date "2022.08.21"]
[Round "2.52"]
[White "Richtrova, Eliska"]
[Black "Tashkinova, Sofiia"]
[Result "1-0"]
[WhiteElo "2204"]
[BlackElo "2011"]
[EventDate "2022.08.20"]
[PlyCount "151"]

1.d4 d5 2.Nf3 c6 3.Bf4 Nf6 4.e3 Bg4 5.Nbd2 e6 6.h3 Bh5 7.Be2 Bd6 8.Nb3 
Bxf4 9.exf4 Bxf3 10.Bxf3 Nbd7 11.Qe2 Qe7 12.O-O O-O 13.Rfe1 Qd6 14.g3 Rac8
15.Rad1 Qc7 16.h4 a5 17.c3 a4 18.Nc1 c5 19.a3 Qb6 20.dxc5 Nxc5 21.Rd4 Rfd8
22.Red1 Nfe4 23.c4 Nf6 24.cxd5 exd5 25.Rb4 Qe6 26.Qxe6 fxe6 27.Ne2 g6 28.
Nc3 Ra8 29.g4 Kf8 30.Kg2 Rd7 31.Be2 Rc7 32.f3 Ne8 33.Nb5 Rcc8 34.f5 gxf5 
35.gxf5 exf5 36.Rxd5 Ng7 37.Nd4 Rc7 38.Nxf5 Nge6 39.Kf2 Kf7 40.Bc4 Kf6 41.
Ne3 Ke7 42.Rh5 Kf8 43.Rb6 Re8 44.Re5 Rce7 45.Rd6 b5 46.Bxe6 Rxe6 47.Rf5+ 
Kg7 48.Rxe6 Nd3+ 49.Ke2 Nc1+ 50.Kd1 Rxe6 51.Kxc1 Rxe3 52.Rxb5 Rxf3 53.Rb4 
Rf1+ 54.Kc2 Rf2+ 55.Kc3 Rf3+ 56.Kc4 Kf6 57.Kb5 Ke6 58.Kxa4 Kd6 59.Rb6+ Kc5
60.Rh6 Rf7 61.b4+ Kd5 62.b5 Kc5 63.Rc6+ Kd5 64.Ka5 Ra7+ 65.Ra6 Rb7 66.a4 
Kc5 67.Rc6+ Kd5 68.Rc1 Ra7+ 69.Kb4 Rg7 70.b6 Rg4+ 71.Kb5 Rg2 72.Rd1+ Ke6 
73.b7 Rb2+ 74.Ka6 Rb4 75.a5 Ke7 76.Ka7 1-0

[Event "22nd EUR-ch (w)"]
[Site "Prague CZE"]
[Date "2022.08.21"]
[Round "2.53"]
[White "Folkova, Martina"]
[Black "Terbe, Zsuzsanna"]
[Result "1-0"]
[WhiteElo "1991"]
[BlackElo "2196"]
[EventDate "2022.08.20"]
[PlyCount "77"]

1.e4 e5 2.Nf3 Nc6 3.Bb5 a6 4.Ba4 Nf6 5.O-O Be7 6.Re1 b5 7.Bb3 d6 8.c3 O-O 
9.h3 Nb8 10.d4 Nbd7 11.a4 Bb7 12.Nbd2 exd4 13.cxd4 c5 14.d5 Re8 15.Nf1 c4 
16.Bc2 Nc5 17.Bd2 Nfd7 18.axb5 axb5 19.Rxa8 Qxa8 20.Nd4 Qa6 21.Bc3 Bf6 22.
Ng3 g6 23.Ndf5 Bxc3 24.bxc3 Ne5 25.Qd2 Kh8 26.Qh6 Rg8 27.Ne7 Rg7 28.f4 
Ned7 29.f5 Qb6 30.Kh2 Qd8 31.f6 Nxf6 32.Ngf5 Ne8 33.Nxg7 Nxg7 34.Qh4 Qc7 
35.Qf6 Nd7 36.Qxf7 Qd8 37.Rf1 Nh5 38.Nc6 Qc8 39.Nd4 1-0

[Event "22nd EUR-ch (w)"]
[Site "Prague CZE"]
[Date "2022.08.21"]
[Round "2.54"]
[White "Kucharska, Honorata"]
[Black "Kordzadze, Nino"]
[Result "1-0"]
[WhiteElo "2193"]
[BlackElo "1993"]
[EventDate "2022.08.20"]
[PlyCount "61"]

1.d4 e6 2.g3 f5 3.Bg2 Nf6 4.c4 d6 5.Nf3 Be7 6.O-O O-O 7.Nc3 a5 8.b3 Ne4 9.
Qc2 d5 10.Bb2 c6 11.Ne5 Qe8 12.Nxe4 fxe4 13.f3 exf3 14.exf3 Nd7 15.f4 Nf6 
16.c5 Qh5 17.Rae1 Bd8 18.Bf3 Qh3 19.Qe2 h5 20.Bg2 Qf5 21.h3 Qh7 22.g4 g6 
23.Qc2 hxg4 24.hxg4 Kg7 25.Re3 Ne4 26.Rh3 Bh4 27.Bxe4 dxe4 28.Qxe4 Rf6 29.
Nf3 g5 30.Qxh7+ Kxh7 31.fxg5 1-0

[Event "22nd EUR-ch (w)"]
[Site "Prague CZE"]
[Date "2022.08.21"]
[Round "2.55"]
[White "Polterauer, Chiara"]
[Black "Pribylova, Sofie"]
[Result "1-0"]
[WhiteElo "2183"]
[BlackElo "1981"]
[EventDate "2022.08.20"]
[PlyCount "71"]

1.e4 c5 2.Nf3 d6 3.d4 cxd4 4.Nxd4 Nf6 5.Nc3 a6 6.h3 e5 7.Nde2 h5 8.Bg5 Be6
9.Bxf6 Qxf6 10.Nd5 Qd8 11.Qd3 Nc6 12.Nec3 Rc8 13.O-O-O Nd4 14.Rd2 Qa5 15.
Kb1 f5 16.f3 h4 17.a3 Kf7 18.Qe3 Rh5 19.Be2 Nxe2 20.Rxe2 f4 21.Qb6 Qxb6 
22.Nxb6 Rc6 23.Ncd5 Be7 24.b3 Bd8 25.Nc4 b5 26.Nb2 Bb6 27.Nxb6 Rxb6 28.a4 
Rh8 29.a5 Rb7 30.Rd2 Ke7 31.Rhd1 Rd8 32.Nd3 b4 33.Nxe5 Rc8 34.Rxd6 Rbc7 
35.Ng6+ Kf7 36.Nxf4 1-0

[Event "22nd EUR-ch (w)"]
[Site "Prague CZE"]
[Date "2022.08.21"]
[Round "2.56"]
[White "Acarbay, Algi"]
[Black "Martynkova, Olena"]
[Result "0-1"]
[WhiteElo "1951"]
[BlackElo "2182"]
[EventDate "2022.08.20"]
[PlyCount "62"]

1.e4 c5 2.Nf3 e6 3.b3 b6 4.Bd3 Bb7 5.O-O Nc6 6.Re1 d6 7.Bb2 e5 8.c3 g6 9.
Bf1 Bg7 10.Na3 Nf6 11.d4 O-O 12.Nc4 exd4 13.cxd4 cxd4 14.Nxd4 Ne5 15.f3 
Nxc4 16.Bxc4 d5 17.exd5 Nxd5 18.Qd2 a6 19.Rad1 b5 20.Bf1 Qb6 21.Qf2 Rac8 
22.Ba1 Rfd8 23.Rd2 Nc3 24.Bxc3 Rxc3 25.Red1 Bh6 26.f4 Rdc8 27.Kh1 Bg7 28.
f5 Rc1 29.Qf4 Rxd1 30.Rxd1 Rd8 31.fxg6 hxg6 0-1

[Event "22nd EUR-ch (w)"]
[Site "Prague CZE"]
[Date "2022.08.21"]
[Round "2.57"]
[White "Kanakova, Natalie"]
[Black "Svobodova, Michaela"]
[Result "1-0"]
[WhiteElo "2171"]
[BlackElo "1943"]
[EventDate "2022.08.20"]
[PlyCount "75"]

1.e4 c5 2.Nf3 e6 3.c4 d6 4.d4 cxd4 5.Nxd4 Nf6 6.Nc3 Be7 7.Be2 a6 8.O-O Qc7
9.Be3 b6 10.Rc1 Bb7 11.f3 Nbd7 12.Qd2 Rc8 13.Rfd1 O-O 14.Bf1 Qb8 15.Qf2 
Rfe8 16.a3 Bd8 17.b4 Bc7 18.g3 Qa8 19.Na4 d5 20.exd5 exd5 21.c5 bxc5 22.
Nxc5 Nxc5 23.bxc5 Bc6 24.Qd2 Nd7 25.Nxc6 Qxc6 26.Qxd5 Qxd5 27.Rxd5 Rxe3 
28.Rxd7 Rxa3 29.Bc4 Be5 30.c6 h6 31.Bxf7+ Kh7 32.Be6 Kg6 33.Rd5 Bb2 34.Rc2
Re8 35.Bf5+ Kf6 36.c7 Rc3 37.Rxc3 Bxc3 38.c8=Q 1-0

[Event "22nd EUR-ch (w)"]
[Site "Prague CZE"]
[Date "2022.08.21"]
[Round "2.58"]
[White "Levitan, Ronit"]
[Black "Marcinczyk, Monika"]
[Result "0-1"]
[WhiteElo "2158"]
[BlackElo "1934"]
[EventDate "2022.08.20"]
[PlyCount "82"]

1.e4 c5 2.c3 Nf6 3.e5 Nd5 4.d4 cxd4 5.cxd4 d6 6.Nf3 Nc6 7.Bc4 Nb6 8.Bb5 
dxe5 9.Nxe5 Bd7 10.Nxd7 Qxd7 11.Nc3 e6 12.O-O Rd8 13.Qg4 Qxd4 14.Qf3 Nd5 
15.Be3 Qb4 16.Rad1 Bd6 17.Bg5 Rd7 18.a4 h6 19.Bd2 Qh4 20.g3 Qf6 21.Qg2 a6 
22.Nxd5 exd5 23.Rfe1+ Be7 24.Bc3 d4 25.Bxc6 bxc6 26.Qh3 c5 27.Re4 Qc6 28.
Qg2 O-O 29.Bd2 Qxa4 30.Rde1 Bf6 31.Qf3 Rd6 32.Rg4 Qc6 33.Qf5 Qd5 34.Qb1 h5
35.Rge4 Re6 36.Rxe6 fxe6 37.Qd3 c4 38.Qa3 d3 39.Rc1 Bd4 40.Rf1 Qf3 41.Be1 
c3 0-1

[Event "22nd EUR-ch (w)"]
[Site "Prague CZE"]
[Date "2022.08.21"]
[Round "2.59"]
[White "Tsotsonava, Elene"]
[Black "Rodshtein, Tereza"]
[Result "0-1"]
[WhiteElo "1858"]
[BlackElo "2154"]
[EventDate "2022.08.20"]
[PlyCount "94"]

1.e4 e5 2.Nf3 Nc6 3.Bb5 a6 4.Ba4 Nf6 5.O-O Nxe4 6.d4 b5 7.Bb3 d5 8.dxe5 
Be6 9.Nbd2 Nc5 10.c3 Nxb3 11.Nxb3 Be7 12.Nfd4 Nxd4 13.cxd4 O-O 14.Be3 f6 
15.Rc1 a5 16.Qc2 a4 17.Nc5 Bc8 18.a3 c6 19.f4 Qc7 20.Qe2 Bf5 21.Rc3 Bxc5 
22.Rxc5 Qd7 23.Rfc1 Ra6 24.h3 Be4 25.Qg4 f5 26.Qe2 Re8 27.R1c3 Re6 28.Bf2 
Rb6 29.g3 Qb7 30.b4 axb3 31.Rxb3 Qa8 32.Qb2 Ra6 33.Be1 Qe8 34.Qe2 h6 35.h4
Rg6 36.h5 Rg4 37.Qh2 Ra4 38.Bb4 g5 39.hxg6 Qxg6 40.Rbc3 Ra6 41.Kf1 Kg7 42.
Rxb5 cxb5 43.Rc7+ Kg8 44.Rc8+ Kf7 45.Qe2 Rc6 46.Rf8+ Kg7 47.Qxb5 Rxf4+ 0-1

[Event "22nd EUR-ch (w)"]
[Site "Prague CZE"]
[Date "2022.08.21"]
[Round "2.60"]
[White "Utiatskaya, Irina"]
[Black "Dvorakova, Olga"]
[Result "0-1"]
[WhiteElo "2154"]
[BlackElo "1921"]
[EventDate "2022.08.20"]
[PlyCount "70"]

1.e4 c6 2.d4 d5 3.exd5 cxd5 4.Bd3 Nc6 5.c3 Qc7 6.h3 e6 7.Nf3 Bd6 8.O-O 
Nge7 9.b3 Bd7 10.Bb2 f6 11.c4 O-O-O 12.Nc3 g5 13.Nb5 Qb8 14.Rc1 h5 15.Kh1 
g4 16.Ng1 gxh3 17.Nxh3 Rdg8 18.Qf3 Rg4 19.Qxf6 Rhg8 20.Rg1 Bf4 21.Ba3 dxc4
22.bxc4 a6 23.Bxe7 axb5 24.cxb5 Bxc1 25.bxc6 bxc6 26.Ba6+ Kc7 27.Rxc1 Qb2 
28.Rd1 Rxg2 29.Bf1 R2g4 30.Qe5+ Kb7 31.Qd6 Bc8 32.Bd8 R8g7 33.Bf6 Qc2 34.
Be5 Qe4+ 35.Kh2 Rg2+ 0-1

[Event "22nd EUR-ch (w)"]
[Site "Prague CZE"]
[Date "2022.08.21"]
[Round "2.61"]
[White "Shatil, Or"]
[Black "Pipiras, Filipa Fortuna"]
[Result "0-1"]
[WhiteElo "1842"]
[BlackElo "2135"]
[EventDate "2022.08.20"]
[PlyCount "96"]

1.e4 c5 2.Nf3 e6 3.b3 b6 4.Bb2 Bb7 5.Qe2 d6 6.d4 cxd4 7.Nxd4 Nf6 8.Nc3 a6 
9.O-O-O Qc7 10.g4 b5 11.Bg2 b4 12.Na4 Nc6 13.Nxc6 Bxc6 14.e5 Bxg2 15.exf6 
Bxh1 16.fxg7 Bxg7 17.Bxg7 Rg8 18.Bd4 Bc6 19.Nb6 Rb8 20.Qxa6 Rxg4 21.Be3 
Bf3 22.Qb5+ Ke7 23.Re1 f5 24.h3 Re4 25.Rg1 Kf7 26.Qd3 Bh5 27.Nd5 Qc6 28.
Nf4 Bg6 29.h4 e5 30.Nxg6 hxg6 31.h5 Rc8 32.hxg6+ Kg8 33.g7 d5 34.Bd2 d4 
35.f3 Re2 36.Rh1 Rg2 37.Rh8+ Kxg7 38.Rxc8 Qxc8 39.Bxb4 Qe6 40.f4 Qf6 41.
fxe5 Qxe5 42.Qc4 d3 43.Bf8+ Kxf8 44.Qc8+ Qe8 45.Qxf5+ Qf7 46.Qc8+ Kg7 47.
Qc3+ Qf6 48.Qc7+ Kg6 0-1

[Event "22nd EUR-ch (w)"]
[Site "Prague CZE"]
[Date "2022.08.22"]
[Round "3.1"]
[White "Dzagnidze, Nana"]
[Black "Tsolakidou, Stavroula"]
[Result "1-0"]
[WhiteElo "2531"]
[BlackElo "2388"]
[EventDate "2022.08.20"]
[PlyCount "93"]

1.c4 e5 2.Nc3 Bb4 3.Nd5 Bc5 4.e3 Nf6 5.b4 Be7 6.Nxe7 Qxe7 7.Bb2 O-O 8.Ne2 
a5 9.b5 d6 10.Ng3 Bg4 11.f3 Be6 12.Be2 Nbd7 13.d4 exd4 14.Qxd4 Nc5 15.Rd1 
Rfd8 16.e4 Qf8 17.O-O Nfd7 18.Nh5 f6 19.Nf4 Bf7 20.Nd5 Rac8 21.Rfe1 Re8 
22.Bf1 b6 23.g3 Ne5 24.Re3 Bh5 25.Be2 Ne6 26.Qd2 Nc5 27.g4 Bf7 28.Rf1 Ned7
29.Kh1 h6 30.Qd4 Bg6 31.Re1 Ne6 32.Qd2 Nec5 33.Bf1 Ne5 34.Qg2 Ned7 35.h4 
Bf7 36.g5 fxg5 37.hxg5 Re6 38.f4 hxg5 39.Rg3 Rh6+ 40.Kg1 Bh5 41.Rxg5 Ne6 
42.Rg3 Rh7 43.Bd3 Nec5 44.Bc2 Re8 45.e5 dxe5 46.fxe5 Ne6 47.Ba3 1-0

[Event "22nd EUR-ch (w)"]
[Site "Prague CZE"]
[Date "2022.08.22"]
[Round "3.2"]
[White "Malcewska, Aleksandra"]
[Black "Batsiashvili, Nino"]
[Result "1-0"]
[WhiteElo "2360"]
[BlackElo "2466"]
[EventDate "2022.08.20"]
[PlyCount "113"]

1.e4 e5 2.Nf3 Nc6 3.Bb5 a6 4.Ba4 Nf6 5.O-O b5 6.Bb3 Bc5 7.c3 d6 8.d4 Bb6 
9.a4 Rb8 10.Qd3 Bd7 11.axb5 axb5 12.h3 h6 13.dxe5 dxe5 14.Na3 O-O 15.Nxb5 
Qe7 16.Ba4 Rfd8 17.Qe2 Nh5 18.Be3 Qf6 19.Rfd1 Nf4 20.Bxf4 Qxf4 21.b4 Ra8 
22.Bb3 Rxa1 23.Rxa1 Bc8 24.Rd1 Rxd1+ 25.Qxd1 Kh7 26.Na3 Qg3 27.Qf1 Bxh3 
28.Nc4 Qg6 29.Nxb6 cxb6 30.Bd5 Bg4 31.Qd3 Qf6 32.Bxc6 Bxf3 33.Qxf3 Qxc6 
34.Qf5+ Kg8 35.Qxe5 b5 36.Qd4 g6 37.Kh2 h5 38.g3 Qa6 39.Kg2 Qa2 40.Qd3 Qa6
41.Qd5 Kg7 42.c4 bxc4 43.b5 Qa2 44.b6 Qb3 45.b7 Qb2 46.e5 c3 47.e6 c2 48.
e7 c1=Q 49.e8=Q Qc7 50.Qc8 Qcb6 51.Qf3 h4 52.gxh4 Q2b4 53.Qfc3+ Qxc3 54.
Qxc3+ Kh7 55.Qc8 Qd4 56.b8=Q Qe4+ 57.Kh2 1-0

[Event "22nd EUR-ch (w)"]
[Site "Prague CZE"]
[Date "2022.08.22"]
[Round "3.3"]
[White "Mammadzada, Gunay"]
[Black "Gaponenko, Inna"]
[Result "1-0"]
[WhiteElo "2466"]
[BlackElo "2339"]
[EventDate "2022.08.20"]
[PlyCount "121"]

1.e4 c5 2.Nf3 Nc6 3.Bb5 g6 4.Bxc6 dxc6 5.d3 Bg7 6.h3 Qc7 7.a4 a5 8.O-O Nf6
9.Bd2 Nd7 10.Bc3 e5 11.Na3 O-O 12.Nc4 Re8 13.Nh2 b6 14.Qd2 Ba6 15.b3 Bxc4 
16.bxc4 Nf8 17.Rfb1 Ne6 18.Ra3 h5 19.Rab3 Ra6 20.Nf3 f6 21.Qd1 Kh7 22.R1b2
Bf8 23.Nh4 Bh6 24.Qf3 Bg5 25.Nf5 Kg8 26.h4 Bf4 27.Ng3 Bxg3 28.Qxg3 Kf7 29.
Qe3 Rh8 30.Rb1 Kg7 31.Bd2 Nd4 32.R3b2 Ne6 33.Qh3 Kf7 34.Be3 Qd8 35.g3 Qc7 
36.Rf1 Qd6 37.Rbb1 Re8 38.Kh1 Qc7 39.f4 exf4 40.gxf4 Ng7 41.Rg1 f5 42.e5 
Qd8 43.Qg3 Re6 44.Rgd1 Re7 45.c3 Rd7 46.Bf2 Ne6 47.Rd2 Ra8 48.Rg1 Nf8 49.
d4 cxd4 50.cxd4 b5 51.axb5 cxb5 52.d5 Kg8 53.e6 Rd6 54.Re2 Qe7 55.Bc5 Rad8
56.cxb5 Re8 57.Re5 Qc7 58.Bxd6 Qxd6 59.Rxf5 a4 60.Rg5 Kh7 61.Rxh5+ 1-0

[Event "22nd EUR-ch (w)"]
[Site "Prague CZE"]
[Date "2022.08.22"]
[Round "3.4"]
[White "Gaal, Zsoka"]
[Black "Danielian, Elina"]
[Result "0-1"]
[WhiteElo "2313"]
[BlackElo "2441"]
[EventDate "2022.08.20"]
[PlyCount "62"]

1.d4 Nf6 2.c4 e6 3.Nf3 c5 4.d5 exd5 5.cxd5 d6 6.Nc3 g6 7.g3 Bg7 8.Bg2 O-O 
9.O-O a6 10.a4 Re8 11.Re1 Nbd7 12.Bf4 Nh5 13.Bg5 Qc7 14.e4 h6 15.Bd2 Rb8 
16.Bf1 Nhf6 17.h3 c4 18.Qe2 b5 19.axb5 axb5 20.Nd4 Ne5 21.Ncxb5 Qc5 22.b4 
Qb6 23.Qe3 Bd7 24.Ra5 Nxe4 25.Kh1 Nd3 26.Bxd3 cxd3 27.Qf4 Nxd2 28.Rxe8+ 
Bxe8 29.Nxd6 Qxd4 30.Qxd2 Qc3 31.Qf4 d2 0-1